<?xml version="1.0" encoding="UTF-8"?>
<record
    xmlns:xsi="http://www.w3.org/2001/XMLSchema-instance"
    xsi:schemaLocation="http://www.loc.gov/MARC21/slim http://www.loc.gov/standards/marcxml/schema/MARC21slim.xsd"
    xmlns="http://www.loc.gov/MARC21/slim">

  <leader>00772nam a22001937a 4500</leader>
  <controlfield tag="005">20231129113742.0</controlfield>
  <datafield tag="010" ind1=" " ind2=" ">
    <subfield code="a">HIN-126418 </subfield>
  </datafield>
  <datafield tag="020" ind1=" " ind2=" ">
    <subfield code="a">9789390916658</subfield>
    <subfield code="c">300.00</subfield>
  </datafield>
  <datafield tag="035" ind1=" " ind2=" ">
    <subfield code="a">HN-98764</subfield>
  </datafield>
  <datafield tag="037" ind1=" " ind2=" ">
    <subfield code="b">DBAD/PUB.</subfield>
  </datafield>
  <datafield tag="082" ind1=" " ind2=" ">
    <subfield code="a">841.08</subfield>
  </datafield>
  <datafield tag="100" ind1=" " ind2=" ">
    <subfield code="a">&#x938;&#x941;&#x936;&#x940;&#x932; &#x915;&#x941;&#x92E;&#x93E;&#x930; </subfield>
    <subfield code="9">59172</subfield>
  </datafield>
  <datafield tag="245" ind1=" " ind2=" ">
    <subfield code="a">&#x939;&#x93F;&#x902;&#x926;&#x940; &#x917;&#x93C;&#x91C;&#x93C;&#x932; &#x915;&#x93E; &#x906;&#x924;&#x94D;&#x92E;&#x938;&#x902;&#x918;&#x930;&#x94D;&#x937;:&#x905;&#x92A;&#x928;&#x947; &#x938;&#x92E;&#x92F; &#x915;&#x940; &#x91A;&#x941;&#x928;&#x940; &#x939;&#x941;&#x908; &#x917;&#x91C;&#x93C;&#x932;&#x94B;&#x902; &#x938;&#x947; &#x917;&#x941;&#x91C;&#x93C;&#x930;&#x924;&#x947; &#x939;&#x941;&#x90F;/ </subfield>
    <subfield code="c">&#x938;&#x941;&#x936;&#x940;&#x932; &#x915;&#x941;&#x92E;&#x93E;&#x930; </subfield>
  </datafield>
  <datafield tag="250" ind1=" " ind2=" ">
    <subfield code="a">1 </subfield>
  </datafield>
  <datafield tag="260" ind1=" " ind2=" ">
    <subfield code="b">&#x92A;&#x94D;&#x930;&#x932;&#x947;&#x915; &#x92A;&#x94D;&#x930;&#x915;&#x93E;&#x936;&#x928; </subfield>
    <subfield code="c">2021 </subfield>
  </datafield>
  <datafield tag="300" ind1=" " ind2=" ">
    <subfield code="a">264 &#x92A;&#x943;&#x937;&#x94D;&#x91F;;</subfield>
    <subfield code="c">22 &#x938;&#x947;&#x92E;&#x940; (&#x905;&#x91C;&#x93F;&#x932;&#x94D;&#x926;)</subfield>
  </datafield>
  <datafield tag="710" ind1=" " ind2=" ">
    <subfield code="9">59164</subfield>
  </datafield>
  <datafield tag="942" ind1=" " ind2=" ">
    <subfield code="a">DPL</subfield>
    <subfield code="c">HN</subfield>
    <subfield code="2">ddc</subfield>
    <subfield code="h">841.08 </subfield>
    <subfield code="m">&#x938;&#x941;&#x936;&#x940;&#x932;</subfield>
  </datafield>
  <datafield tag="999" ind1=" " ind2=" ">
    <subfield code="c">199289</subfield>
    <subfield code="d">199289</subfield>
  </datafield>
  <datafield tag="952" ind1=" " ind2=" ">
    <subfield code="0">0</subfield>
    <subfield code="1">0</subfield>
    <subfield code="4">0</subfield>
    <subfield code="7">0</subfield>
    <subfield code="8">NFIC</subfield>
    <subfield code="a">VP</subfield>
    <subfield code="b">VP</subfield>
    <subfield code="d">2023-11-29</subfield>
    <subfield code="e">DBAD/PUB</subfield>
    <subfield code="g">300.00</subfield>
    <subfield code="l">1</subfield>
    <subfield code="o">841.08  &#x938;&#x941;&#x936;&#x940;&#x932;</subfield>
    <subfield code="p">HN-98764</subfield>
    <subfield code="r">2025-08-22 00:00:00</subfield>
    <subfield code="s">2025-08-05</subfield>
    <subfield code="t">1 </subfield>
    <subfield code="v">300.00</subfield>
    <subfield code="w">2023-11-29</subfield>
    <subfield code="y">HN</subfield>
  </datafield>
</record>
